Finanční řízení
Salvato in:
| Autore principale: | |
|---|---|
| Altri autori: | |
| Natura: | Libro |
| Lingua: | ceco inglese |
| Pubblicazione: |
Praha
Wolters Kluwer ČR
2010
|
| Serie: | Vzdělávání účetních v ČR
|
| Soggetti: | |
| Tags: |
Nessun Tag, puoi essere il primo ad aggiungerne!!
|
MARC
| LEADER | 00000nam a2200000 4500 | ||
|---|---|---|---|
| 001 | 0121125 | ||
| 005 | 20220905110143.4 | ||
| 020 | |a 978-80-7357-580-9 | ||
| 041 | 0 | |a cze | |
| 041 | 0 | |a eng | |
| 044 | |a CZ | ||
| 245 | 1 | 0 | |a Finanční řízení |c Milan Hrdý, Jiří Strouhal |
| 264 | 1 | |a Praha |b Wolters Kluwer ČR |c 2010 | |
| 300 | |a 226 s. | ||
| 490 | 1 | |a Vzdělávání účetních v ČR | |
| 830 | 0 | |a Vzdělávání účetních v ČR | |
| 610 | 2 | 0 | |a riadenie finančné |
| 610 | 2 | 0 | |a konflikt záujmov |
| 610 | 2 | 0 | |a trh finančný |
| 610 | 2 | 0 | |a rozhodovanie finančné |
| 610 | 2 | 0 | |a akvizícia |
| 610 | 2 | 0 | |a fúzie |
| 610 | 2 | 0 | |a akcionári |
| 610 | 2 | 0 | |a podnik |
| 610 | 2 | 0 | |a reorganizácia |
| 610 | 2 | 0 | |a riziko finančné |
| 610 | 2 | 0 | |a dividendy |
| 610 | 2 | 0 | |a obchod medzinárodný |
| 610 | 2 | 0 | |a podnik multinacionálny |
| 610 | 2 | 0 | |a trh svetový |
| 100 | 1 | |a Hrdý, Milan | |
| 700 | 1 | |a Strouhal, Jiří | |